[Event "Trento op"]
[Site "Trento"]
[Date "2008.03.30"]
[Round "5"]
[White "La Manna, Andrea"]
[Black "Barro, Francesco"]
[Result "1-0"]
[WhiteElo "2153"]
[BlackElo "2025"]
[PlyCount "65"]
[EventDate "2008.03.28"]
[EventType "swiss"]
[EventRounds "5"]
[EventCountry "ITA"]
[SourceTitle "EXT 2011"]
[Source "ChessBase"]
[SourceDate "2010.11.26"]
[SourceVersion "1"]
[SourceVersionDate "2010.11.26"]
[SourceQuality "1"]

1. d4 Nf6 2. c4 e6 3. Nc3 Bb4 4. a3 Bxc3+ 5. bxc3 b6 6. f3 d5 7. cxd5 exd5 8. e3 0-0 9. Bd3 Bb7 10. Ne2 Re8 11. 0-0 c5 12. Ng3 cxd4 13. cxd4 Nc6 14. Ra2 Na5 15. Re2 Rc8 16. Kh1 Rc3 17. Bb2 Rb3 18. e4 dxe4 19. fxe4 Ng4 20. Rf3 Qh4 21. h3 Rd8 22. Nf5 Qh5 23. Kg1 Ne5 24. dxe5 Rxb2 25. Rxb2 Bxe4 26. Ng3 Bxf3 27. Bxh7+ Kxh7 28. Qxd8 Qxe5 29. Qh4+ Kg6 30. Rf2 Qe3 31. gxf3 Qxa3 32. Qe4+ Kf6 33. Qf5+ 1-0